LEADER 01278nam a2200289 u 4500 001 000000000338 003 CaOOAMICUS 005 20070226104205.0 008 940805s1974 gw u000 u ger u 020 $a3110045389 035 $a10006200 040 $aPUL(R)$bita 245 00$aAntiqui und moderni :$bTraditionsbewusstsein und Fortshrittsbewusstsein im späten Mittelalter /$cherausgegeben von Albert Zimmermann. 260 $aBerlin :$bW. de Gruyter,$c1974. 300 $aix, 545 p. ;$c24 cm 490 1 $aMiscellanea mediaevalia ;$v9 504 $aIncludes bibliographical references and index. 650 0$aPhilosophy, Medieval.$2//eng$0(OLS)http://pul/subject/345 700 1 $aZimmermann, Albert.$0(OLS)http://pul/name/332 830 0$aMiscellanea mediaevalia ;$v9.$0(OLS)http://pul/title/407 850 $aPUL 852 $aPUL$W1$xSL Filosofia 1$y2$m105 F 9$j343$nBK-PRI$b $qStampati$B343$CPULBib$Z2$F343 $H $81 941 1 $a8 961 $aINV: 49306 996 $6020$a3110045389$9(OLS)http://pul/number/353 996 $6245$aAntiqui und moderni :$bTraditionsbewusstsein und Fortshrittsbewusstsein im späten Mittelalter$9(OLS)http://pul/title/406 996 $6260$aBerlin :$bW. de Gruyter$9(OLS)http://pul/publisher/48032 LEADER 01277nam a2200313 u 4500 001 000000080208 003 CaOOAMICUS 005 20070226123624.0 008 040702s1998 stk u000 u eng u 020 $a0567292258 035 $a11002828 040 $aPUL$bita 100 1 $aKer, Ian.$0(OLS)http://pul/name/53473 245 10$aNewman and the fullness of Christianity /$cIan Ker. 260 $aEdinburgh :$bT&T Clark,$c1998. 300 $avi, 154 p. ;$c22 cm 500 $aIndice : p. 147-154. 504 $aBibliografia in nota. 600 04$aIohannes Henricus Newman,$cs.,$d1801-1890.$0(OLS)http://pul/subject/4993 650 4$aCristianesimo.$0(OLS)http://pul/subject/787 850 $aPUL 852 $aPUL$W1$xSL Religione 3$y85$m282. 092 KERIA 1$j102456$nBK-PRI$b $qDDC 21$B102456$CPULBib$Z2$F102456 $HPUL95786 $81 941 1 $a9 960 $aNewman, John Henry,$ccard.,$d1801-1890$94993 960 $aIoannes Henricus Newman,$cs.,$d1801-1890$94993 960 $aJohannes Henricus Newman,$cs.,$d1801-1890$94993 996 $6020$a0567292258$9(OLS)http://pul/number/105912 996 $6245$aNewman and the fullness of Christianity$9(OLS)http://pul/title/105063 996 $6260$aEdinburgh :$bT&T Clark$9(OLS)http://pul/publisher/60210